When I saw Triupati Balaji: (Record no. 78878)
[ view plain ]
| 000 -LEADER | |
|---|---|
| fixed length control field | 00784nam a22002177a 4500 |
| 005 - DATE AND TIME OF LATEST TRANSACTION | |
| control field | 20140217150952.0 |
| 010 ## - LCCN (DPL NO) | |
| LC control number | B-495442-447 |
| 020 ## - INTERNATIONAL STANDARD BOOK NUMBER | |
| International Standard Book Number | 9798121209334 |
| Terms of availability | 720.00 |
| 020 ## - INTERNATIONAL STANDARD BOOK NUMBER | |
| International Standard Book Number | 8121209331 |
| Terms of availability | 720.00 |
| 035 ## - SYSTEM CONTROL NUMBER | |
| System control number | B-495442-447 |
| 037 ## - SOURCE OF ACQUISITION | |
| Stock number | dpl |
| Source of stock number/acquisition | BBB/VEN |
| 082 ## - DEWEY DECIMAL CLASSIFICATION NUMBER | |
| Classification number | 230.8095431 |
| 100 ## - MAIN ENTRY--PERSONAL NAME | |
| Personal name | Prasad, P.V.R.K. |
| 245 ## - TITLE STATEMENT | |
| Title | When I saw Triupati Balaji: |
| Statement of responsibility, etc | by P.V.R.K.Prasad |
| Remainder of title | naaham karta |
| 260 ## - PUBLICATION, DISTRIBUTION, ETC. (IMPRINT) | |
| Place of publication, distribution, etc | New Delhi |
| Name of publisher, distributor, etc | Gyan Publishing house |
| Date of publication, distribution, etc | 2012 |
| 270 ## - ADDRESS | |
| Address | 23, main Ansari road, Daryaganj |
| City | New Delhi |
| Postal code | 110002 |
| Telephone number | 23282060 |
| Fax number | 01123285914 |
| Electronic mail address | books@gyanbooks.com |
| 300 ## - PHYSICAL DESCRIPTION | |
| Extent | 333p. |
| Other physical details | ill |
| Dimensions | 20cm(pbk) |
| 500 ## - GENERAL NOTE | |
| General note | include index |
| 942 ## - ADDED ENTRY ELEMENTS (KOHA) | |
| Source of classification or shelving scheme | Dewey Decimal Classification |
| Item type | English Books |
| Call number suffix | KAR |
| Classification part | 230.8095431 |
| Withdrawn status | Lost status | Not for loan | Collection code | Home library | Current library | Date acquired | Source of acquisition | Cost, normal purchase price | Full call number | Barcode | Copy number | Cost, replacement price | Koha item type |
|---|---|---|---|---|---|---|---|---|---|---|---|---|---|
| Non-fiction | Central Library | Central Library | 17/02/2014 | BBB/IN10348/12.03.2013/168/08.03.2013/15.03.2013 | 720.00 | 230.8095431 KAR | B-495442 | 1 | 720.00 | English Books | |||
| Non-fiction | Janak Puri | Janak Puri | 17/02/2014 | BBB/IN10348/12.03.2013/168/08.03.2013/15.03.2013 | 720.00 | 230.8095431 KAR | B-495445 | 1 | 720.00 | English Books | |||
| Non-fiction | Karol Bagh | Karol Bagh | 17/02/2014 | BBB/IN10348/12.03.2013/168/08.03.2013/15.03.2013 | 720.00 | 230.8095431 KAR | B-495446 | 1 | 720.00 | English Books | |||
| Non-fiction | Kasturba Gandhi Marg | Kasturba Gandhi Marg | 17/02/2014 | BBB/IN10348/12.03.2013/168/08.03.2013/15.03.2013 | 720.00 | 230.8095431 KAR | B-495444 | 1 | 720.00 | English Books | |||
| Non-fiction | Narela | Narela | 17/02/2014 | BBB/IN10348/12.03.2013/168/08.03.2013/15.03.2013 | 720.00 | 230.8095431 KAR | B-495447 | 1 | 720.00 | English Books | |||
| Non-fiction | Patel Nagar | Patel Nagar | 17/02/2014 | BBB/IN10348/12.03.2013/168/08.03.2013/15.03.2013 | 720.00 | 230.8095431 KAR | B-495443 | 1 | 720.00 | English Books |
